000 00429nam a2200169Ia 4500
008 230524s9999 xx 000 0 und d
020 _a9781259002076
082 _a621.45
_bHEY
100 _aJohn B.Heywood
245 0 _aInternal Combustion Engine Fundamentals (Indian Edition)
250 _a6
260 _aNew Delhi
_bMGH
_c2013
300 _a929p;
500 _aQuantity Number: 10
650 _aMechanics
942 _cBK
999 _c53734
_d53734